Demographic study of scheduled caste population of Karnataka (Record no. 489086)

000 -LEADER
fixed length control field 00408cam a22001097a 4500
008 - FIXED-LENGTH DATA ELEMENTS--GENERAL INFORMATION
fixed length control field 180718b1977 xxu||||| |||| 00| 0 eng d
082 ## - DEWEY DECIMAL CLASSIFICATION NUMBER
Classification number BA27x5444 K147d
245 ## - TITLE STATEMENT
Title Demographic study of scheduled caste population of Karnataka
Statement of responsibility, etc. by Bureau of Economics and Statistics
260 ## - PUBLICATION, DISTRIBUTION, ETC.
Place of publication, distribution, etc. Bangalore
Name of publisher, distributor, etc. Bureau of Economics and Statistics
Date of publication, distribution, etc. 1977
300 ## - PHYSICAL DESCRIPTION
Extent 15p.
700 ## - ADDED ENTRY--PERSONAL NAME
Personal name Karnataka. Bureau of Economics and Statistics
Holdings
Withdrawn status Lost status Damaged status Not for loan Permanent Location Current Location Date acquired Full call number Barcode Date last seen Price effective from Koha item type
        Indian Institute of Public Administration Indian Institute of Public Administration 2018-08-04 BA27x5444 K147d GG17023 2018-08-04 2018-08-04 GG

Powered by Koha